Normal view
MARC view
Entry Personal Name
001 - CONTROL NUMBER
- control field: 17628
003 - CONTROL NUMBER IDENTIFIER
- control field: BD-RjUL
005 - DATE AND TIME OF LATEST TRANSACTION
- control field: 20260125113732.0
008 - FIXED-LENGTH DATA ELEMENTS
- fixed length control field: 260125|| aca||aabn | a|a d
040 ## - CATALOGING SOURCE
- Original cataloging agency: BD-RjUL
- Transcribing agency: BD-RjUL
100 ## - HEADING--PERSONAL NAME
- Personal name: حسين٠ محمد بلال ;; Husein, Muhammad Bilal
670 ## - SOURCE DATA FOUND
- Source citation: Work cat.: (BD-RjUL)86134: حسين٠ محمد بلال ;; Husein, Muhammad Bilal, رحلة : مع علماء مقارنة الأديان في العصر الحديث ;; rihlat : mae eulama' muqaranat al'adyan fi aleasr alhadith / , 2016